[Event "Olympiad-29"]
[Site "Novi Sad"]
[Date "1990.11.18"]
[Round "2"]
[White "Kortschnoj, Viktor Lvovich"]
[Black "Guzman, Enrique"]
[Result "1-0"]
[WhiteElo "2630"]
[BlackElo "2315"]
[PlyCount "74"]
[EventDate "1990.11.17"]
[EventType "team-swiss"]
[EventRounds "14"]
[EventCountry "YUG"]
[SourceTitle "EXT 2019"]
[Source "ChessBase"]
[SourceDate "2018.10.10"]
[SourceVersion "1"]
[SourceVersionDate "2018.10.10"]
[SourceQuality "1"]
[WhiteTeam "Switzerland"]
[BlackTeam "Bolivia"]
[WhiteTeamCountry "SUI"]
[BlackTeamCountry "BOL"]

1. d4 Nf6 2. c4 d6 3. Nc3 Nbd7 4. g3 g6 5. Bg2 Bg7 6. e4 O-O 7. Nge2 e5 8. O-O
c6 9. h3 Re8 10. d5 Qe7 11. Be3 c5 12. a3 b6 13. Nb5 Nf8 14. b4 a6 15. Nbc3 Bd7
16. Rb1 Reb8 17. Qd3 Ne8 18. Rb3 f5 19. Rfb1 Qd8 20. Qd2 Nf6 21. Qb2 Rc8 22.
bxc5 bxc5 23. Rb6 Qe7 24. Rb7 Nh5 25. Qd2 f4 26. gxf4 Qh4 27. fxe5 Bxh3 28. f3
Bxg2 29. Rxg7+ Nxg7 30. Kxg2 Qe7 31. exd6 Qxd6 32. Bf4 Qd7 33. e5 Nf5 34. Ne4
Nh4+ 35. Kg3 Nf5+ 36. Kf2 g5 37. e6 h6 1-0

[Event "Olympiad-29"]
[Site "Novi Sad"]
[Date "1990.11.24"]
[Round "7"]
[White "Kortschnoj, Viktor Lvovich"]
[Black "Adianto, Utut"]
[Result "1-0"]
[WhiteElo "2630"]
[BlackElo "2495"]
[PlyCount "119"]
[EventDate "1990.11.17"]
[EventType "team-swiss"]
[EventRounds "14"]
[EventCountry "YUG"]
[SourceTitle "EXT 2019"]
[Source "ChessBase"]
[SourceDate "2018.10.10"]
[SourceVersion "1"]
[SourceVersionDate "2018.10.10"]
[SourceQuality "1"]
[WhiteTeam "Switzerland"]
[BlackTeam "Indonesia"]
[WhiteTeamCountry "SUI"]
[BlackTeamCountry "INA"]

1. c4 Nf6 2. Nc3 c5 3. Nf3 e6 4. g3 b6 5. Bg2 Bb7 6. O-O Be7 7. b3 O-O 8. Bb2
d5 9. e3 Nbd7 10. Qe2 Qc7 11. Rac1 Rac8 12. cxd5 exd5 13. d4 Rfe8 14. Rfd1 Bf8
15. Bh3 Rcd8 16. dxc5 bxc5 17. Na4 Ne4 18. Ba3 Bc6 19. Bxd7 Bxd7 20. Bxc5 Qb8
21. Bxf8 Kxf8 22. Nd4 Qd6 23. Nc3 Nf6 24. f3 Re5 25. Re1 Rde8 26. Qf2 h5 27.
Nd1 Kg8 28. Nb2 h4 29. gxh4 Nh5 30. Re2 Qh6 31. Rce1 Nf6 32. Kh1 Rh5 33. Rg1
Rxh4 34. Nd3 Kh8 35. Nc5 Bc8 36. Rc2 Kh7 37. Rc3 Re5 38. Rg2 Bh3 39. Rg3 a5 40.
f4 Ng4 41. Rxg4 Rxg4 42. fxe5 Bg2+ 43. Qxg2 Rxg2 44. Kxg2 Qg5+ 45. Kf2 Qxe5 46.
Rc2 Qxh2+ 47. Ke1 Qh3 48. Kd2 g5 49. Nd3 Qh2+ 50. Ne2 d4 51. exd4 f5 52. Ne5 f4
53. Rc7+ Kg8 54. Rf7 Qh3 55. Rf6 Kh7 56. Rf7+ Kg8 57. Nc1 g4 58. Rxf4 g3 59.
Ne2 g2 60. Nf3 1-0

[Event "Olympiad-29"]
[Site "Novi Sad"]
[Date "1990.11.26"]
[Round "9"]
[White "Kortschnoj, Viktor Lvovich"]
[Black "Belotti, Bruno"]
[Result "1-0"]
[WhiteElo "2630"]
[BlackElo "2435"]
[PlyCount "85"]
[EventDate "1990.11.17"]
[EventType "team-swiss"]
[EventRounds "14"]
[EventCountry "YUG"]
[SourceTitle "EXT 2019"]
[Source "ChessBase"]
[SourceDate "2018.10.10"]
[SourceVersion "1"]
[SourceVersionDate "2018.10.10"]
[SourceQuality "1"]
[WhiteTeam "Switzerland"]
[BlackTeam "Italy"]
[WhiteTeamCountry "SUI"]
[BlackTeamCountry "ITA"]

1. Nf3 Nf6 2. c4 g6 3. b4 Bg7 4. Bb2 O-O 5. e3 c6 6. d4 d5 7. Nbd2 Bg4 8. Be2
Nbd7 9. h3 Bxf3 10. Bxf3 b5 11. cxb5 cxb5 12. a4 bxa4 13. Qxa4 Nb6 14. Qb3 Qd7
15. O-O Rfc8 16. Ra5 e6 17. Rfa1 Rc7 18. Rc5 Rb8 19. Be2 Bf8 20. Qc3 Na8 21. b5
Rbc8 22. Rxa7 Bxc5 23. Rxc7 Nxc7 24. dxc5 d4 25. Qxd4 Qxd4 26. Bxd4 Nce8 27. b6
e5 28. Ba6 Rd8 29. Bxe5 Nd7 30. Bd4 Nxc5 31. Bxc5 Rxd2 32. b7 Rb2 33. Ba7 Nc7
34. b8=Q+ Rxb8 35. Bxb8 Nxa6 36. Bd6 f5 37. f3 Kf7 38. e4 fxe4 39. fxe4 Ke6 40.
e5 Kd5 41. Kf2 Nc5 42. Bxc5 Kxc5 43. Kf3 1-0

[Event "Olympiad-29"]
[Site "Novi Sad"]
[Date "1990.12.03"]
[Round "14"]
[White "Afifi, Assem"]
[Black "Kortschnoj, Viktor Lvovich"]
[Result "0-1"]
[WhiteElo "2400"]
[BlackElo "2630"]
[PlyCount "100"]
[EventDate "1990.11.17"]
[EventType "team-swiss"]
[EventRounds "14"]
[EventCountry "YUG"]
[SourceTitle "EXT 2019"]
[Source "ChessBase"]
[SourceDate "2018.10.10"]
[SourceVersion "1"]
[SourceVersionDate "2018.10.10"]
[SourceQuality "1"]
[WhiteTeam "Egypt"]
[BlackTeam "Switzerland"]
[WhiteTeamCountry "EGY"]
[BlackTeamCountry "SUI"]

1. c4 f5 2. g3 Nf6 3. Bg2 e5 4. b3 Nc6 5. Bb2 d6 6. Nc3 g6 7. Nh3 Bg7 8. f4 O-O
9. O-O e4 10. e3 Nb4 11. Nf2 c6 12. a3 Na6 13. d3 d5 14. dxe4 dxe4 15. Qc2 Be6
16. Rad1 Qe7 17. Rfe1 Nc5 18. b4 Ncd7 19. Bf1 a5 20. c5 Qf7 21. Rd6 Bb3 22. Qc1
Rfc8 23. Nb1 Bd5 24. Nd2 axb4 25. axb4 b5 26. cxb6 Nxb6 27. b5 Ne8 28. Rxc6
Bxc6 29. bxc6 Bxb2 30. Qxb2 Rxc6 31. Bb5 Ra2 32. Qe5 Re6 33. Qc3 Nc7 34. Bf1
Ncd5 35. Qd4 Qg7 36. Nb3 Qxd4 37. Nxd4 Rd6 38. g4 Nxe3 39. Nb5 Rdd2 40. Nxe4
Nxf1 41. Nxd2 Nxd2 42. Re8+ Kg7 43. gxf5 Nf3+ 44. Kf1 Nxh2+ 45. Ke1 Nf3+ 46.
Kf1 gxf5 47. Nd6 Kf6 48. Rf8+ Ke7 49. Rb8 Nd2+ 50. Ke1 Kxd6 0-1

[Event "Pamplona 9091 1st"]
[Site "Pamplona"]
[Date "1990.??.??"]
[Round "?"]
[White "De la Villa Garcia, Jesus Maria"]
[Black "Kortschnoj, Viktor Lvovich"]
[Result "0-1"]
[WhiteElo "2475"]
[BlackElo "2630"]
[Annotator "Knaak,R"]
[PlyCount "82"]
[EventDate "1990.12.??"]
[EventType "tourn"]
[EventRounds "9"]
[EventCountry "ESP"]
[EventCategory "12"]
[SourceTitle "CBM 021"]
[Source "ChessBase"]
[SourceDate "1991.04.01"]
[SourceVersion "1"]
[SourceVersionDate "1991.04.01"]
[SourceQuality "1"]

1. e4 e6 2. d4 d5 3. e5 c5 4. c3 Nc6 5. Nf3 Bd7 6. Be2 Nge7 7. Na3 Ng6 $5 8. h4
Be7 9. g3 (9. h5 $5) 9... cxd4 10. cxd4 O-O $1 11. h5 Nh8 12. Nc2 f6 $1 $15 13.
exf6 Bxf6 14. b3 Nf7 15. Bb2 Qa5+ 16. Qd2 $2 {>< d4, c-<-> _|_} (16. Kf1) 16...
Qxd2+ 17. Nxd2 Nd6 18. Bg4 Rfc8 19. O-O Rc7 20. Rfe1 Rac8 21. Kg2 (21. Bxe6+ $2
Bxe6 22. Rxe6 Nd8 23. Rxd6 Rxc2 $19) (21. Rxe6 $2 Nf7) 21... Kf7 22. Rad1 a5
23. Nf3 Ne7 24. Ne3 Ne4 25. Rc1 b5 26. Bh3 (26. a3 $5) 26... b4 27. Rxc7 Rxc7
28. a3 a4 $3 {Brillant! Schwarz etabliert einen P auf b3.} 29. bxa4 b3 $1 $17
30. a5 Nc6 $1 {Scheut auch die Fesselung nicht.} 31. Rc1 Ke7 32. a4 $6 (32. Nf1
Kd8 33. a6 Na5 34. Rxc7 Kxc7 35. N1d2 Nxd2 36. Nxd2 Nc4 37. Nxc4 dxc4 38. Kf3
Kb6 39. Bf1 Bb5 40. Bh3 Bc6+ 41. Ke3 Bd5) 32... Kd8 33. a6 Nb4 34. Rxc7 Kxc7
35. a7 Kb7 36. Ne1 Kxa7 37. f3 Ng5 38. Bg4 Ka6 39. Bc3 Bxa4 40. Nd1 Kb5 41. Kf2
Kc4 0-1

[Event "Pamplona 9091 1st"]
[Site "Pamplona"]
[Date "1990.??.??"]
[Round "?"]
[White "Romero Holmes, Alfonso"]
[Black "Kortschnoj, Viktor Lvovich"]
[Result "0-1"]
[WhiteElo "2475"]
[BlackElo "2630"]
[Annotator "Knaak,R"]
[PlyCount "46"]
[EventDate "1990.12.??"]
[EventType "tourn"]
[EventRounds "9"]
[EventCountry "ESP"]
[EventCategory "12"]
[SourceTitle "CBM 021"]
[Source "ChessBase"]
[SourceDate "1991.04.01"]
[SourceVersion "1"]
[SourceVersionDate "1991.04.01"]
[SourceQuality "1"]

1. e4 e6 2. d4 d5 3. e5 c5 4. c3 Nc6 5. Ne2 $2 f6 6. f4 fxe5 7. dxe5 (7. fxe5
cxd4 8. cxd4 Qh4+ 9. g3 Qe4 $17) 7... Nh6 $17 8. Ng3 Bd7 9. Be2 Qb6 10. O-O
O-O-O 11. c4 $6 Nd4 12. f5 Nhxf5 13. Nxf5 exf5 14. cxd5 Ba4 15. b3 (15. Qxa4
Nxe2+ 16. Kh1 Nxc1 17. Rxc1 Rxd5 $19) 15... Nxe2+ 16. Qxe2 Bb5 17. Qf3 Bxf1 18.
Kxf1 Qb5+ 19. Kf2 Qb4 20. Be3 f4 $1 21. Qg4+ Rd7 22. Bxf4 h5 23. Qf3 Rf7 0-1

[Event "Pamplona 9091 1st"]
[Site "Pamplona"]
[Date "1990.??.??"]
[Round "?"]
[White "Todorcevic, Miodrag"]
[Black "Kortschnoj, Viktor Lvovich"]
[Result "0-1"]
[WhiteElo "2540"]
[BlackElo "2630"]
[Annotator "Horn,Pe"]
[PlyCount "66"]
[EventDate "1990.12.??"]
[EventType "tourn"]
[EventRounds "9"]
[EventCountry "ESP"]
[EventCategory "12"]
[SourceTitle "CBM 021"]
[Source "ChessBase"]
[SourceDate "1991.04.01"]
[SourceVersion "1"]
[SourceVersionDate "1991.04.01"]
[SourceQuality "1"]

1. Nf3 d5 2. g3 c5 3. Bg2 Nc6 4. d3 e5 5. O-O Be7 6. e4 Nf6 7. exd5 Nxd5 8. Re1
f6 9. c3 O-O 10. Nbd2 Kh8 $5 11. Nb3 $6 (11. Nc4) (11. a4) 11... Bg4 $1 (11...
Be6 $2 12. d4) 12. d4 exd4 13. cxd4 c4 $1 $17 (13... cxd4 $2 14. Nbxd4 $14) 14.
Nbd2 (14. Nc5 Bxc5 15. dxc5 Ndb4 $17) 14... Bb4 $1 (14... c3 15. bxc3 Nxc3 16.
Qb3) 15. a3 Ba5 16. b4 cxb3 17. Qxb3 Rc8 18. Bb2 (18. Qxb7 Bxf3 19. Bxf3 Nxd4
20. Bxd5 (20. Qxd5 Nc2) 20... Nc2) 18... Nb6 {/\ 18..Bxd2 19.Nxd2 Nxd4} 19. Re4
f5 20. Re2 Bh5 21. Rd1 f4 22. Qb5 Qd5 23. Qxd5 Nxd5 24. g4 $2 Bxg4 25. Nb3 Bc3
26. h3 Bh5 27. Nc5 Nxd4 28. Rxd4 Rxc5 29. Rd3 Bxb2 30. Rxb2 Nb6 31. Nd4 Rd8 32.
Rbb3 Bg6 33. Rd2 Rc1+ 0-1

[Event "Harlingen"]
[Site "Harlingen"]
[Date "1991.??.??"]
[Round "2"]
[White "Kortschnoj, Viktor Lvovich"]
[Black "Timman, Jan H"]
[Result "1-0"]
[WhiteElo "2615"]
[BlackElo "2630"]
[Annotator "Ribli,Z"]
[PlyCount "59"]
[EventDate "1991.??.??"]
[EventType "tourn"]
[EventRounds "3"]
[EventCountry "GER"]
[EventCategory "13"]
[SourceTitle "CBM 024"]
[Source "ChessBase"]
[SourceDate "1991.10.01"]
[SourceVersion "1"]
[SourceVersionDate "1991.10.01"]
[SourceQuality "1"]

1. c4 e5 2. Nc3 Bb4 3. Nd5 Bc5 4. e3 (4. Nf3 c6 5. Nc3 d6 6. Ne4 Bb6 7. c5 dxc5
8. Nxe5 Nf6 (8... Qd5 9. Nc4 $1) 9. Nxf6+ Qxf6 10. Nf3 O-O 11. e3 $13 {Bricard,
E-Taimanov,M Wildbad 1990 EXP/20}) 4... Nf6 5. b4 Nxd5 6. bxc5 Nf6 7. d4 Qe7 8.
Be2 O-O 9. Nf3 e4 10. Nd2 b6 11. Nb3 Re8 12. O-O Nc6 13. Ba3 d6 14. cxd6 cxd6
15. Rb1 Ba6 16. Qd2 Qd7 17. Rfd1 Rac8 18. Bxd6 Qxd6 19. c5 bxc5 20. Bxa6 Ng4
21. g3 Qh6 22. h4 Nxd4 23. exd4 e3 (23... Qxa6 $5) 24. Bxc8 exd2 25. Bxg4 c4
26. Nxd2 c3 27. Nf1 c2 28. Re1 Kf8 29. Rxe8+ Kxe8 30. Re1+ 1-0

[Event "Candidates m5"]
[Site "Wijk aan Zee"]
[Date "1991.??.??"]
[Round "5"]
[White "Kortschnoj, Viktor Lvovich"]
[Black "Sax, Gyula"]
[Result "1-0"]
[WhiteElo "2615"]
[BlackElo "2605"]
[Annotator "Kortschnoj,V"]
[PlyCount "89"]
[EventDate "1991.01.??"]
[EventType "match"]
[EventRounds "8"]
[EventCountry "NED"]
[SourceTitle "Candidates"]
[Source "ChessBase"]
[SourceDate "1999.07.01"]
[SourceVersion "2"]
[SourceVersionDate "1999.07.01"]
[SourceQuality "1"]

1. Nf3 {Ribli} Nf6 2. c4 c5 3. Nc3 Nc6 4. d4 cxd4 5. Nxd4 e6 6. a3 {Speelman}
Nxd4 {Dieser Zug wurde von Sax für diesen Wettkampf vorbereitet.} (6... Be7 {
vgl. 9. Matchpartie}) (6... Bc5 7. Nb3 Be7 8. e4 (8. Bg5 h6 9. Bh4 O-O 10. e3
b6 11. Be2 Ba6 $10 {Stohl.I-Khalifman.A/Manila izt/1990/}) 8... O-O 9. Be2 b6
10. f4 (10. O-O Bb7 11. Be3 Rc8 12. Rc1 Ne5 13. Nb5 $1 {Andersson,
U-Polugaevsky,L/Manila izt/1990/1-0/43/}) 10... d6 11. Bf3 Bb7 12. Be3 Rc8 13.
O-O {Kortschnoj,V-Lautier,J/Manila izt/1990/1-0/34/}) 7. Qxd4 b6 8. Qf4 $1 (8.
Bf4 $2 {vgl. 1. Matchpartie}) 8... Bb7 (8... Bc5 $5 9. e4 d6 10. Be3 e5 11. Qg3
O-O 12. Bxc5 bxc5 13. Qd3 Rb8 14. O-O-O $13) (8... Ba6 $5 9. e4 Rc8 10. e5 Ng8
11. b3 $1 Ne7 12. Bb2 Ng6 13. Qg3 Qh4 14. Qxh4 Nxh4 15. O-O-O $13) 9. e4 d6 10.
Bd3 (10. Qg3 $1) 10... Be7 11. Qg3 $1 (11. Be3 O-O 12. O-O Nd7 13. Qg3 Ne5 14.
Be2 Rc8 15. b3 Bf6 $10 {vgl. 3.Matchpartie}) 11... O-O 12. Bh6 Ne8 13. Bd2 $16
{>< Ne8} Rc8 14. O-O Bf6 15. Rac1 g6 16. b3 a6 17. Qe3 $6 (17. Rfd1 $142 Bg7
18. Bg5) 17... Bg7 18. Na4 Rc6 19. Be2 (19. Bb4 Nf6 20. e5 Ng4 21. Qg3 Nxe5 (
21... h5 22. Bxd6 (22. Be4 $5) 22... Rxd6 23. exd6 a5 $13) 22. Be4 d5 23. Bxf8
Qxf8 24. cxd5 Rxc1 25. Rxc1 Qxa3 $13) 19... Nf6 20. Rfd1 (20. Bf3 $5 {/\ 21.e5}
Nd7 21. e5 d5 22. Bb4 Re8 23. Bd6 Qh4 (23... f6) (23... Qa8)) 20... Nd7 21. Bc3
Qe7 22. Bxg7 Kxg7 23. Nb2 Rd8 24. Rc2 Rcc8 25. Rcd2 Nf6 26. f3 Rb8 27. a4 Qc7
28. Nd3 Ne8 29. Nf2 {Weiß hat großen Raumvorteil, er muß allerdings vor Beginn
des Schlussangriffs seine Figuren umgruppieren. Subtiler war hier 29.Bf1} Qc5
30. Qc3+ e5 31. Kf1 b5 $2 (31... a5 $1 {Hiernach wäre es nicht leicht,den
Stellungsvorteil in einen Gewinn umzusetzen.}) (31... Nc7 $2 32. b4 Qc6 33. c5)
(31... Rdc8 $5) (31... Rdc8 $5 {Ribli}) 32. b4 $18 Qc7 33. axb5 axb5 34. c5 Kg8
(34... dxc5 35. Rxd8 Rxd8 36. Rxd8 Qxd8 37. Qxe5+ $18) (34... Ba8 $1 35. Rd3 {
/\ 36.Qd2}) (34... Ba6 {Ribli} 35. Qa1 $1 $18) 35. Bxb5 dxc5 36. Qxc5 $2 (36.
Rxd8 $142 Rxd8 37. Rxd8 Qxd8 38. Qxe5 Nc7 39. Qxc5 Ne6 40. Qc3 Qb8 41. Ng4 $18)
36... Rxd2 37. Rxd2 Qxc5 38. bxc5 Nc7 39. Bc4 Ba6 40. Bxa6 Nxa6 41. Nd3 Rd8 (
41... Rb3 42. c6 f6 (42... Rc3 43. Nxe5 f6 44. Rd8+ Kg7 45. Rd7+ Kg8 46. Ra7
$18) 43. Nc5 $18) 42. Ke2 Kf8 43. Rb2 Ke8 44. Ke3 Rc8 45. Ra2 {2.23/2.19} (45.
Ra2 Rc6 46. Nxe5 Rxc5 47. Kd4 f6 48. Nxg6 $18) 1-0